Validez factorial del MAslach Burnout (MBI), en profesores con responsabilidad de dirigencia sindical /

En este trabajo se investiga la validez factorial del MBI, instrumento que intenta medir el síndrome de Bornout. El colectivo lo conformaron 98 profesores dirigentes sndicales del Colegio de Profesores. A. G.. Se realizó un análisis de componentes principales y rotación ortogonal de tipo Varimax, el...

Full description

Bibliographic Details
Main Author: Buzzetti Bravo, Marcela A.
Format: Analitica de revista
Language:Spanish
Published: Santiago, Chile Pontificia Universidad Católica de Chile 2007
Subjects:

MARC

LEADER 00000cab a2200000 a 4500
001 026011
003 UAHC_CL
005 20180807174042.0
008 090414s cl 000 spa
952 |0 0  |1 0  |2 ddc  |4 0  |6 BOL___INVEST__EDUC_01_07_000000000000000  |7 0  |8 COMP  |9 52800  |a BC  |b BC  |c General  |d 2017-08-03  |l 0  |o BOL. INVEST. EDUC.-01/07  |r 2018-01-17 00:00:00  |w 2017-08-03  |y REVA 
999 |c 26011  |d 26011 
040 |a UAHC_CL  |c UAHC_CL  |d UAHC_CL 
100 1 |a Buzzetti Bravo, Marcela A. 
245 1 0 |a Validez factorial del MAslach Burnout (MBI), en profesores con responsabilidad de dirigencia sindical /  |c Marcela A. Buzzetti Bravo. 
260 |b Pontificia Universidad Católica de Chile  |c 2007  |a Santiago, Chile 
300 |a p. 231-254 
500 |a En: Boletín de investigación educacional, nº01, vol. 22, 2007. p. 231-254. ISSN 07172494. 
520 |a En este trabajo se investiga la validez factorial del MBI, instrumento que intenta medir el síndrome de Bornout. El colectivo lo conformaron 98 profesores dirigentes sndicales del Colegio de Profesores. A. G.. Se realizó un análisis de componentes principales y rotación ortogonal de tipo Varimax, el cuál presentó 6 factores. 
653 |a PEDAGOGIA EN EDUCACION BASICA 
773 0 |t Boletín de Investigación Educacional.  |w 025995 
900 |a BOL. INVEST. EDUC.-01/07 
942 |c REVA  |2 ddc